Commons Registration Act 1965 and new town and village greens: harmless maypoles or a trap for the unwary? (Record no. 74077)

MARC details
000 -LEADER
fixed length control field 01174cam a2200217 4500
001 - CONTROL NUMBER
control field X1124911
008 - FIXED-LENGTH DATA ELEMENTS--GENERAL INFORMATION
fixed length control field 040126n2003 000 0 eng u
035 ## - SYSTEM CONTROL NUMBER
System control number (Sirsi) u124911
100 ## - MAIN ENTRY--PERSONAL NAME
Personal name Ellis, M.
245 ## - TITLE STATEMENT
Title Commons Registration Act 1965 and new town and village greens: harmless maypoles or a trap for the unwary?
260 ## - PUBLICATION, DISTRIBUTION, ETC.
Date of publication, distribution, etc. 2003
490 ## - SERIES STATEMENT
Series statement Journal of Planning and Environment Law
Volume/sequential designation December 2003, 1503-1513 (11)
520 ## - SUMMARY, ETC.
Summary, etc. This article examines the Society for Advanced Legal Studies (SALS) paper "New town and village greens - proposals for reform" which was published in 2002, and considers the nature, purpose and implications for the current provision for registration of new greens, and whether this registration is both necessary and desirable. This article is concerned with Class C greens.
650 ## - SUBJECT ADDED ENTRY--TOPICAL TERM
Topical term or geographic name entry element NEW WINDSOR CORPORATION V MELLOR
650 ## - SUBJECT ADDED ENTRY--TOPICAL TERM
Topical term or geographic name entry element R V SUFFOLK CC EX P STEED AND ANOTHER
650 ## - SUBJECT ADDED ENTRY--TOPICAL TERM
Topical term or geographic name entry element R V BUCKINGHAMSHIRE CC AND ANOTHER EX P LAING HOMES LTD
650 ## - SUBJECT ADDED ENTRY--TOPICAL TERM
Topical term or geographic name entry element R V OXFORDSHIRE CC AND ANOTHER EX P SUNNINGWELL PARISH COUNCIL
650 ## - SUBJECT ADDED ENTRY--TOPICAL TERM
Topical term or geographic name entry element R V STAFFORDSHIRE CC EX P ALFRED MCALPINE HOMES LTD
690 ## - LOCAL SUBJECT ADDED ENTRY--TOPICAL TERM (OCLC, RLIN)
Topical term or geographic name as entry element PROPERTY
942 ## - ADDED ENTRY ELEMENTS (KOHA)
Suppress in OPAC 0
Holdings
Withdrawn status Lost status Source of classification or shelving scheme Damaged status Not for loan Home library Current library Shelving location Date acquired Total Checkouts Full call number Barcode Date last seen Copy number Price effective from Koha item type
    Dewey Decimal Classification     London London Journal article 26/01/2004   X124911 124911-1001 06/08/2019 1 06/08/2019 Journal article